000 00521nam a2200157Ia 4500
005 20250321090809.0
008 231217s9999 xx 000 0 und d
020 _a9788131419717
082 _a658.4063 HAR;1 R
100 _aHarish, R ed.
245 0 _aCase studies on corporate transformation and turnaround strategies managing in difficult times
260 _c2008
_bIcfai Books
_aHyderabad
300 _aiii, 319
650 _astudies,corporate,transformation,turnaround,strategies,difficult,times
942 _cAA
999 _c184231
_d184231